| 000 | 00558nam a2200181Ia 4500 | ||
|---|---|---|---|
| 999 |
_c31826 _d31826 |
||
| 003 | OSt | ||
| 005 | 20200728125118.0 | ||
| 008 | 190216s9999||||xx |||||||||||||| ||und|| | ||
| 020 | _a9780070990074 | ||
| 040 | _coclc | ||
| 082 |
_a515.076 _bSPI/T |
||
| 100 |
_aSpiegel, Murray R _9762 |
||
| 245 | 0 |
_aTheory And Problems Of Advanced Calculus / _cMurray R Spiegel |
|
| 260 |
_bMetric Edition Shaum `s Outline Series, _c1974. _aNew York: |
||
| 300 | _a384p | ||
| 650 | _aMathematics | ||
| 942 |
_cBK _2ddc _h515.076 _iSPI/T _k515.076 _mSPI/T |
||